Efectos sociales y respuesta popular

Đã lưu trong:
Chi tiết về thư mục
Định dạng: Texto
Các nhãn: Thêm thẻ
Không có thẻ, Là người đầu tiên thẻ bản ghi này!

MARC

LEADER 00000 a a2200000 04500
001 3921
003
040
245 |a Efectos sociales y respuesta popular  
773 |g número 10; páginas 7-11  
999 |c 30383  |d 30383